000 00479nam a22001817a 4500
003 MPLRDC
005 20220104193159.0
008 210129b ||||| |||| 00| 0 eng d
020 _a957-557-755-8
082 _a173.4 DTYL-2
100 _a岛田一男 KAZUO SHIMADA
245 _a解读女人心
_c李芳黛 译
250 _a初版一刷
260 _a台湾
_b大展出版社有限公司
_c1997
300 _b
650 _a妇女心理学
942 _cBK
_o173.4 DTYL-2
999 _c65070
_d65060